书目信息 |
| 题名: |
多种选择式化学习题集
|
|
| 作者: | ;太原师范专科学校 编 | |
| 分册: | ||
| 出版信息: | 太原 太原师专 1976.12 |
|
| 页数: | 259页 | |
| 开本: | 19cm | |
| 丛书名: | ||
| 单 册: | ||
| 中图分类: | O6-44 | |
| 科图分类: | ||
| 主题词: | 化学--习题 | |
| 电子资源: | ||
| ISBN: | ||
| 000 | 00572nam0 2200181 45 | |
| 001 | 0405191042 | |
| 005 | 20060328110423.51 | |
| 010 | @dCNY1.75 | |
| 100 | @a20040519d1976 km y0chiy0120 ea | |
| 101 | 0 | @achi |
| 200 | 1 | @a多种选择式化学习题集@ADuo Zhong Xuan Ze Shi Hua Xue Xi Ti Ji@f太原师范专科学校编@Ftai yuan shi fan zhuan ke xue xiao bian |
| 210 | @a太原@c太原师专@d1976.12 | |
| 215 | @a259页@d19cm | |
| 606 | 0 | @a化学@x习题 |
| 690 | @aO6-44@v4 | |
| 711 | 0 | @a太原师范专科学校@Atai yuan shi fan zhuan ke xue xiao@4编 |
| 801 | @aCN@bPftUser@c20060328 | |
| 905 | @dO6-44@e119 | |
| 多种选择式化学习题集/太原师范专科学校编.-太原:太原师专,1976.12 |
| 259页;19cm |
| ISBN :CNY1.75 |
| ● |
| 相关链接 |
|
|
|
|
正题名:多种选择式化学习题集
索取号:O6-44/119
 
预约/预借
| 序号 | 登录号 | 条形码 | 馆藏地/架位号 | 状态 | 备注 |
| 1 | 0095453 | 202236990 | 密集书库/ [索取号:O6-44/119] | 在馆 | |
| 2 | 0095454 | 000338593 | 第三借阅区/ [索取号:O6-44/119] | 在馆 | |
| 3 | 0095455 | 202237007 | 密集书库/ [索取号:O6-44/119] | 在馆 | |
| 4 | 0095456 | 000338584 | 第三借阅区/ [索取号:O6-44/119] | 在馆 | |
| 5 | 0095457 | 000338575 | 第三借阅区/ [索取号:O6-44/119] | 在馆 | |
| 6 | 0095458 | 202236981 | 密集书库/ [索取号:O6-44/119] | 在馆 | |
| 7 | 0095459 | 000338600 | 第二样本阅览室/ [索取号:O6-44/119] | 在馆 |